000 00750cam a22002413a 4500
001 18289
003 PGUSA
005 20140828083405.0
008 060430s2006||||xxu|||||s|||||000 | eng d
040 _aPGUSA
_beng
042 _adc
050 4 _aF2801
100 1 _aLozano, Pedro,
_d1697-1752
245 1 0 _aDiario de un viage a la costa de la mar Magallanica
_h[electronic resource] /
_cPedro Lozano
260 _bProject Gutenberg,
_c2006
506 _aPublic domain in the USA.
516 _aElectronic text
653 _aPatagonia (Argentina and Chile) -- Description and travel
653 _aArgentina -- Discovery and exploration
830 0 _aProject Gutenberg
_v18289
856 4 0 _uhttp://www.gutenberg.org/ebooks/18289
942 _cEB
999 _c247544
_d247544